000 00660cas a22002175a 4500
001 L158809
008 070702c2014 xxkbr p 0 a0eng
022 1 _a2053-7573
035 _a(Sirsi) u158809
041 0 _aeng
110 2 _aNational Federation of Property Professionals
240 0 0 _a[PP]
245 0 4 _aProperty Professional
260 _aWarwick
_bNational Federation of Property Professionals
_c2014-
362 _a2014-
500 _aThe voice of the letting professional in South Africa
651 4 _aUnited Kingdom
690 _aPROPERTY-RESIDENTIAL PROPERTY-RESIDENTIAL PROPERTY AGENCY
780 0 0 _tThe Estate Agent
942 _n0
_2ddc
999 _c119410
_d119410